|
|
|
|
| LEADER |
01687nam a2200325 a 4500 |
| 001 |
0017088 |
| 003 |
BD-DhAAL |
| 008 |
091229s2007 njua b 001 0 eng d |
| 010 |
|
|
|a 2001059331
|
| 020 |
|
|
|a 013188090X
|
| 040 |
|
|
|a DLC
|c DLC
|d DLC
|d BD-DhAAL
|
| 082 |
0 |
0 |
|a 519.5
|2 22
|
| 100 |
1 |
|
|a Newbold, Paul.
|
| 245 |
1 |
0 |
|a Statistics for business and economics /
|c Paul Newbold, William L. Carlson, Betty M. Thorne.
|
| 250 |
|
|
|a Sixth edition.
|
| 260 |
|
|
|a Upper Saddle River, N.J. :
|b Prentice Hall,
|c c2007.
|
| 300 |
|
|
|a xxii, 984 p. :
|b ill. (some col.)
|c 27 cm
|
| 504 |
|
|
|a Includes bibliographical references and index.
|
| 526 |
|
|
|a ESS
|x Navil Monsur Chowdhury
Lecturer in Economics in the Department of ESS
Course No. ECO 202
|
| 541 |
1 |
|
|e 0017088, 0017089
|a Essence Science Publications
|
| 650 |
|
0 |
|a Commercial statistics.
|
| 650 |
|
0 |
|a Economics
|x Statistical methods.
|
| 650 |
|
0 |
|a Statistics.
|
| 700 |
1 |
|
|a Carlson, William L.
|q (William Lee),
|d 1938-
|
| 700 |
1 |
|
|a Thorne, Betty.
|
| 852 |
4 |
|
|a Ayesha Abed Library
|c General Stacks
|
| 942 |
|
|
|2 ddc
|c BK
|
| 999 |
|
|
|c 7822
|d 7822
|
| 952 |
|
|
|0 0
|1 0
|2 ddc
|4 0
|6 519_500000000000000_NEW_2007
|7 0
|9 8724
|a BRACUL
|b BRACUL
|c GEN
|d 2010-03-21
|e Essence Science Publications
|g 11768.00
|l 57
|m 287
|o 519.5 NEW
|p 3010017089
|q 2022-12-22
|r 2019-09-22
|s 2019-09-22
|t 2
|w 2010-03-21
|y BK
|x Requisitioned by Navil Monsur Chowdhury (Lecturer) for the course No. 'ECO 202'
|
| 952 |
|
|
|0 0
|1 0
|2 ddc
|4 0
|6 519_500000000000000_NEW_2007
|7 0
|9 10076
|a BRACUL
|b BRACUL
|c GEN
|d 2010-05-12
|e Essence Science Publications
|g 11768.00
|l 61
|m 355
|o 519.5 NEW
|p 3010017088
|r 2026-04-06
|s 2026-03-31
|t 1
|w 2010-05-12
|y BK
|x Requisitioned by Navil Monsur Chowdhury (Lecturer) for the course No. 'ECO 202'
|